Statystyki dla Piłkarze na literę "M"

Kliknij tutaj aby rozwiązać quiz!

Ogólne statystyki

  • Ten quiz został rozwiązany 2 317 razy
  • Średni wynik to 3 z 15

Statystyki odpowiedzi

HintOdpowiedź% Poprawnych
1Leo Messi
89%
3DIego Maradona
56%
5Kylian Mbappe
38%
15Sadio Mane
28%
13Arkadiusz Milik
27%
14Marcelo
21%
6Juan Mata
10%
11Riyad Mahrez
8%
12Claude Makelele
7%
2Arthur Masuaku
5%
7Claudio Marchisio
5%
4Lothar Matthaus
4%
8Miranda
4%
9Thiago Motta
3%
10Florent Malouda
2%

Rozkład punktacji

Percentyl według liczby udzielonych odpowiedzi

Procent ludzi z każdym wynikiem

Twoja historia wyników

Nie rozwiązałeś tego quizu